Report of the FAO Working Group on the Assessment of Small Pelagic Fish off Northwest Africa : (Record no. 14305)

000 -LEADER
fixed length control field 01113nam a2200229Ia 4500
020 ## - INTERNATIONAL STANDARD BOOK NUMBER
ISBN 9789250056081
020 ## - INTERNATIONAL STANDARD BOOK NUMBER
ISBN 9250056087
040 ## - CATALOGING SOURCE
Transcribing agency OSU
082 ## - DEWEY DECIMAL CLASSIFICATION NUMBER
Classification number 338 FOO 2006 A065 Or.
110 2# - MAIN ENTRY--CORPORATE NAME
Corporate name or jurisdiction name as entry element FAO Working Group on the Assessment of Small Pelagic Fish Off Northwest Africa.
245 10 - TITLE STATEMENT
Title Report of the FAO Working Group on the Assessment of Small Pelagic Fish off Northwest Africa :
Remainder of title Nouadhibou, Mauritania, 26 April- 5 May 2005 = Rapport du Groupe de travail de la FAO sur l'©♭valuation des Petits P©♭lagiques au large de l'Afrique Nord-occidentale : Nouadhibou, Mauritanie, 26 avril-5 mai 2005
246 31 - VARYING FORM OF TITLE
Title proper/short title Rapport du Groupe de travail de la FAO sur l'©♭valuation des Petits P©♭lagiques au large de l'Afrique Nord-occidentale
260 ## - PUBLICATION, DISTRIBUTION, ETC. (IMPRINT)
Place of publication Rome :
Name of publisher Food and Agriculture Organization of the United Nations,
Year of publication c2006
300 ## - PHYSICAL DESCRIPTION
Number of Pages x, 180 p. :
Other physical details ill. ;
Dimensions 30 cm
490 1# - SERIES STATEMENT
Series statement FAO fisheries reports =
-- Rapport sur les p©®ches,
500 ## - GENERAL NOTE
General note "FIRM/R785(Bi)."
650 #0 - SUBJECT ADDED ENTRY--TOPICAL TERM
Topical Term Fishery resources
650 #0 - SUBJECT ADDED ENTRY--TOPICAL TERM
Topical Term Fish stock assessment
650 #0 - SUBJECT ADDED ENTRY--TOPICAL TERM
Topical Term Marine fishes
650 #0 - SUBJECT ADDED ENTRY--TOPICAL TERM
Topical Term Fishes
942 ## - ADDED ENTRY ELEMENTS (KOHA)
Koha item type សៀវភៅភាសាអង់គ្លេស
952 ## - LOCATION AND ITEM INFORMATION (KOHA)
Withdrawn status [LOCAL, KOHA] 0
Holdings
Permanent Location Date acquired Koha item type Lost status Shelving location Barcode Current Location Full call number
Library Block A2017-10-12សៀវភៅភាសាអង់គ្លេស A065A20871Library Block A338 FOO 2006 A065 Or.
មជ្ឈមណ្ឌលឯការនៃសាកលវិទ្យាល័យភូមិន្ទកសិកម្មចំការដូង

Powered by Koha